عرض عادي عرض مارك
  • Harper, D. R.

مدخل إسم شخص

عدد التسجيلات المستخدمة في: 1

001 - رقم الضبط

  • حقل الضبط: 19316

003 - معرف رقم الضبط

  • حقل الضبط: OSt

005 - تاريخ ووقت أخر عملية

  • حقل الضبط: 20121230175521.0

008 - عناصر بيانات ثابتة الطول

  • حقل تحكم ثابت الطول: 121230|||a|||||| | ||| d

040 ## - مصدر الفهرسة

  • هيئة الفهرسة الأصلية: OSt
  • وكالة الكتابة: OSt

100 ## - مدخل -- أسم شخص

  • إسم شخص: Harper, D. R.
  • الشكل الكامل للاسم: (David R.).
  • عنوان العمل: Molecular virology.

670 ## - بيانات المصدر موجوده

  • الاستشهاد بالمصدر: Work cat.: (OSt)0: Harper, D. R. (David R.) 19312, Viruses :, c2012.